Poema del Mio Cid / (Registro nro. 13131)

Detalles MARC
000 -LIDER
fixed length control field 00795nam a22002897a 4500
003 - IDENTIFICACDOR DE NÚMERO DE CONTROL
control field DO-SdBNP
005 - DATE AND TIME OF LATEST TRANSACTION
control field 20240717112005.0
008 - ELEMENTOS DE LONGITUD FIJA
fixed length control field 171117b 1970 0 spa d
017 ## - NÚMERO DE REGISTRO DE DERECHOS DE AUTOR
Copyright or legal deposit number
Assigning agency
035 ## - NÚMERO LOCAL
System control number
040 ## - FUENTE DE CATALOGACIÓN
Agencia que crea de manera original el registro BPMSU
Idioma de catalogación spa
Agencia que realiza la transcripción BPMSU
Convenciones de la despripción
080 ## - NÚMERO DE CLASIFICACIÓN DECIMAL UNIVERSAL
Universal Decimal Classification number
082 #4 - NÚMERO DE CLASIFICACIÓN DECIMAL DE DEWEY
Classification number 861.12
Item number E37p 1970
Edition number 22
100 1# - ASIENTO PRINCIPAL -- NOMBRE PERSONAL
Nombre personal Anónimo
210 ## - TITULO ABREVIADO
Título abreviado
245 00 - MENCIÓN DE TITULO
Título Poema del Mio Cid /
Mención de responsabilidad edición y prólogo Luis Guarner
Medio (Designación general de material)
260 ## - PUBLICACIÓN, DISTRIBUCIÓN, ETC. (PIE DE IMPRENTA)
Lugar de publicación, distribución, etc Navarra, España :
Nombre del editor, distribuidor, etc. Salvat Editories,
Fecha de publicación, distribución, etc 1970
300 ## - DESCRIPCIÓN FÍSICA
Extensión 152 p. ;
Dimensiones 20 cm
Otros detalles físicos
490 0# - MENCIÓN DE SERIES
Mención de serie Libro RTV,
Volume/sequential designation 85
500 ## - NOTA GENERAL
Nota general
590 ## - NOTA LOCAL
Texto de la nota local Inventariado, 2024/VM
650 #4 - ENCABEZAMIENTO DE MATERIA--TEMÁTICO
Término temático o nombre geográfico como elemento de entrada Poema de Mio Cid
Subdivisión temática general Crítica e interpretación
650 #4 - ENCABEZAMIENTO DE MATERIA--TEMÁTICO
Término temático o nombre geográfico como elemento de entrada Poesía española
700 ## - ASIENTO SECUNDARIO -- NOMBRE PERSONAL
Nombre personal Guarner, Luis,
Fechas asociadas con el nombre 1902-1986.
Mención de responsabilidad
910 ## - VALIDACIÓN
Validación VMateo V. Control de calidad. BPMSU
942 ## - ADDED ENTRY ELEMENTS (KOHA)
Source of classification or shelving scheme Dewey Decimal Classification
Koha item type Libros
Existencias
Withdrawn status Lost status Source of classification or shelving scheme Damaged status Not for loan Collection code Home library Current library Date acquired Total Checkouts Full call number Barcode Date last seen Price effective from Koha item type
    Dewey Decimal Classification     Colección Juvenil General Biblioteca Pública Metropolitana Salomé Ureña Biblioteca Pública Metropolitana Salomé Ureña 11/27/2017   BPMSU CJG 861.12 E37p 1970 BPMSU17110459 11/27/2017 11/27/2017 Libros